Eduardo Frei: un camino en la dignificación del campesino
Uloženo v:
| Hlavní autoři: | , |
|---|---|
| Médium: | Kniha |
| Jazyk: | španělština |
| Vydáno: |
Santiago
Colorama
1992
|
| Témata: | |
| Tagy: |
Přidat tag
Žádné tagy, Buďte první, kdo vytvoří štítek k tomuto záznamu!
|
MARC
| LEADER | 00000nam a2200000 a 4500 | ||
|---|---|---|---|
| 001 | UCQ6372 | ||
| 003 | CL-VaPUC | ||
| 008 | 981016e19920000CL |||||||||||||||||spa|d | ||
| 082 | 0 | 4 | |a 305.56 |b GOI |2 21 |
| 100 | |a Goic Karmelic, Pedro |e author |9 420936 | ||
| 700 | 0 | |a Sanhueza Beltrán, Enrique |e author |9 420261 | |
| 245 | 1 | 0 | |a Eduardo Frei: un camino en la dignificación del campesino |
| 300 | |a 579 p | ||
| 942 | |c BK | ||
| 945 | |d 19981016 00:00:00 |a aarredon | ||
| 260 | |a Santiago |b Colorama |c 1992 | ||
| 600 | 0 | |a Frei Montalva, Eduardo |9 255811 | |
| 650 | 7 | |a CAMPESINOS |2 CL-VaPUC |9 315355 | |
| 650 | 0 | |a Aspectos sociales |9 254894 | |
| 650 | 0 | |a Desarrollo económico |9 259599 | |
| 650 | 0 | |a REFORMA AGRARIA |9 256789 | |
| 650 | 0 | |a Aspectos políticos |9 257400 | |
| 651 | 7 | |a CHILE |2 CL-VaPUC |9 420262 | |
| 583 | |a last modification |c 19981016 00:00:00 |k Rodrigo Vera | ||
| 999 | |c 276353 |d 276351 | ||